Voices of Muslim women /

A documentary that explores the Muslim culture through the lens of five University of Alabama Muslim students. The film tackles how Muslim women carve a space for self-expression in the Deep South and how they negotiate their identities in a predominantly Christian society that often has unflatterin...

Full description

Bibliographic Details
Corporate Author: Women Make Movies (Firm)
Format: Video DVD
Language:English
Published: New York, NY : Women Make Movies, 2015.
Subjects:

MARC

Tag First Indicator Second Indicator Subfields
LEADER 00000cgm a2200000Ii 4500
001 in00003604813
005 20170928111818.0
007 vd cvaizu
008 160111t20152014nyu030 vleng d
019 |a 933232675  |a 935222136 
028 4 2 |a W161179  |b Women Make Movies 
035 |a (OCoLC)ocn934437619 
035 |a (OCoLC)934437619  |z (OCoLC)933232675  |z (OCoLC)935222136 
040 |a NIM  |b eng  |e rda  |c NIM  |d OCLCO  |d UHC  |d SEA  |d WKU  |d UtOrBLW 
043 |a n-us-al 
049 |a TXAM 
090 |a BP173.4  |b .V65 2015 
245 0 0 |a Voices of Muslim women /  |c a film by Maha Marouan & Rachel Raimist. 
246 1 |i Title on container:  |a Voices of Muslim women from the US South 
264 1 |a New York, NY :  |b Women Make Movies,  |c 2015. 
264 4 |c ©2014 
300 |a 1 videodisc (30 min.) :  |b sound, color ;  |c 4 3/4 in. 
336 |a two-dimensional moving image  |b tdi  |2 rdacontent 
337 |a video  |b v  |2 rdamedia 
338 |a videodisc  |b vd  |2 rdacarrier 
344 |a digital  |2 rda 
347 |a video file  |b DVD video  |2 rda 
538 |a DVD-R. 
520 |a A documentary that explores the Muslim culture through the lens of five University of Alabama Muslim students. The film tackles how Muslim women carve a space for self-expression in the Deep South and how they negotiate their identities in a predominantly Christian society that often has unflattering views about Islam and Muslims. Through interviews with students and faculty at Alabama, this film examines representations and issues of agency by asking: How do Muslim female students carve a space in a culture that thinks of Muslims as terrorists and Muslim women as backward? 
650 0 |a Muslim women  |z Alabama  |v Interviews. 
650 0 |a Women college students  |z Alabama  |v Interviews. 
610 2 0 |a University of Alabama  |x Students  |v Interviews. 
650 0 |a Identity (Psychology)  |x Religious aspects  |x Islam. 
650 0 |a Women in Islam.  |0 http://id.loc.gov/authorities/subjects/sh85147581 
650 7 |a Women.  |2 fast  |0 (OCoLC)fst01176568 
650 7 |a Women and religion.  |2 fast  |0 (OCoLC)fst01177110 
651 7 |a United States.  |2 fast  |0 (OCoLC)fst01204155 
655 7 |a Documentary films.  |2 lcgft  |0 http://id.loc.gov/authorities/genreForms/gf2011026205 
655 7 |a Short films.  |2 lcgft  |0 http://id.loc.gov/authorities/genreForms/gf2011026570 
655 7 |a Nonfiction films.  |2 lcgft  |0 http://id.loc.gov/authorities/genreForms/gf2011026423 
700 1 |a Marouan, Maha,  |d 1975-  |e film producer.  |0 http://id.loc.gov/authorities/names/no2012137740 
700 1 |a Raimist, Rachel,  |e film director.  |0 http://id.loc.gov/authorities/names/no2002005288 
710 2 |a Women Make Movies (Firm)  |0 http://id.loc.gov/authorities/names/n84173790 
994 |a C0  |b TXA 
948 |a cataloged  |b h  |c 2016/2/29  |d c  |e blrosas  |f 9:48:19 am 
999 f f |s 5aacc733-c7cc-33de-9564-a279e0e6b604  |i 0162fd66-e286-3dd0-9436-2c556d776be9  |t 0 
952 f f |p dvd  |a Texas A&M University  |b College Station  |c Sterling C. Evans Library  |d Evans: Media and Reserves (Annex 1st floor)  |t 0  |e BP173.4 .V65 2015  |h Library of Congress classification  |i video -- videodisc  |m A14843340804 
998 f f |a BP173.4 .V65 2015  |t 0  |l Evans: Media and Reserves (Annex 1st floor)